Think global (Record no. 77751)

MARC details
000 -LEADER
fixed length control field 00607cab a2200193 4500
001 - CONTROL NUMBER
control field ##L135026
008 - FIXED-LENGTH DATA ELEMENTS--GENERAL INFORMATION
fixed length control field 060726n2006 000 0 eng u
035 ## - SYSTEM CONTROL NUMBER
System control number (Sirsi) u135026
041 0# - LANGUAGE CODE
Language code of text/sound track or separate title eng
100 1# - MAIN ENTRY--PERSONAL NAME
Personal name Hague, Cliff
245 00 - TITLE STATEMENT
Title Think global
Remainder of title act local
260 ## - PUBLICATION, DISTRIBUTION, ETC.
Date of publication, distribution, etc. 2006
490 #0 - SERIES STATEMENT
Series statement Scottish Planner
Volume/sequential designation (112) September 2006, 9(1)
520 ## - SUMMARY, ETC.
Summary, etc. Discusses the need for planners to recognise urban poverty as a current global challenge.
590 ## - LOCAL NOTE (RLIN)
Local note IKA031006
651 #4 - SUBJECT ADDED ENTRY--GEOGRAPHIC NAME
Geographic name Scotland
Chronological subdivision 1999-
690 ## - LOCAL SUBJECT ADDED ENTRY--TOPICAL TERM (OCLC, RLIN)
Topical term or geographic name as entry element ENVIRONMENTAL AND LAND CONSULTANCY-PLANNING AND DEVELOPMENT-PLANNING REFORM
942 ## - ADDED ENTRY ELEMENTS (KOHA)
Suppress in OPAC 0
Holdings
Withdrawn status Lost status Source of classification or shelving scheme Damaged status Not for loan Home library Current library Shelving location Date acquired Total Checkouts Full call number Barcode Date last seen Copy number Price effective from Koha item type
    Dewey Decimal Classification     London London Journal article 20/09/2006   E135026 135026-1001 06/08/2019 1 06/08/2019 Journal article